00715pam a2200217 a 4500001000800000005001700008008004100025020002200066020002300088040001800111082002000129100002000149245009100169260005200260300001800312650002800330650002800358942000600386952009200392999001300484205224120240206055119.0930921s1994 enk b 001 0 eng  a0745307396 (pbk.) a0745307388 (cloth) aDLCcDLCdDLC00a306.2220bPOW.1 aGledhill, John.10aPower & its disguises :banthropological perspectives on politics /cby John Gledhill. aLondon ;aBoulder, Colo. :bPluto Press,c1994. avii, 248 p. ; 0aPolitical anthropology. 0aPower (Social sciences) cL 001040708LaWERCLbWERCLd2024-02-06l0o306.2 POW.p2545r2024-02-06w2024-02-06yL c315d315